| 000 | 00912nam a22002537a 4500 | ||
|---|---|---|---|
| 003 | OSt | ||
| 005 | 20250709114401.0 | ||
| 008 | 250709b |||||||| |||| 00| 0 eng d | ||
| 020 | _a9783031214752 (hardcover) | ||
| 040 |
_aNUST _beng _cNUST _dNUST _erda |
||
| 050 | _aQD461 BAC | ||
| 245 |
_aPhysics and applications of hydrogen negative ion sources / _cEdited by Mathe Bacal. |
||
| 260 |
_aCham: _bSpringer, _c©2023. |
||
| 300 |
_axiii, 617 pages : _bIllustrations ; _c24 cm. |
||
| 336 |
_2rdamedia _atext _btxt |
||
| 337 |
_2rdamedia _aunmediated _bn |
||
| 338 |
_2rdamedia _avolume _bnc |
||
| 504 | _aIncludes bibliographical references. | ||
| 650 | _vSCIENCE Chemistry Physical & Theoretical. | ||
| 650 | _vPhysical and theoretical chemistry. | ||
| 650 | _v Science Chemistry Inorganic chemistry . | ||
| 700 |
_aBacal, Marthe _eEditor |
||
| 942 |
_2lcc _cBOOKS _hQD461 BAC _kQD _mBAC _n0 |
||
| 999 |
_c172198 _d172198 |
||